000 00414nam a2200133Ia 4500
005 20260326235501.0
008 260326s9999||||xx |||||||||||||| ||und||
100 _aCaplan, Ralph
245 0 _aBy Design :
_b Why There Are No Locks on the BathRoom Doors in the Hotel Louis Xiv, and Other Object Lessons /
_cRalph Caplan
260 _bFairchild Books
300 _a267 p.
650 _aDISEÑO INDUSTRIAL
942 _cBK
999 _c8078
_d8078